Online
Catalog

George Washington / (Record no. 3486)

MARC details
000 -CABECERA
campo de control de longitud fija 00884nam a2200241 u 4500
001 - NÚMERO DE CONTROL
campo de control 000003663
005 - FECHA Y HORA DE LA ÚLTIMA TRANSACCIÓN
campo de control 20200929150524.0
008 - DATOS DE LONGITUD FIJA--INFORMACIÓN GENERAL
campo de control de longitud fija 090713s1986 dr c r 000 0 spa d
020 ## - NÚMERO INTERNACIONAL ESTÁNDAR DEL LIBRO
Número Internacional Estándar del Libro 8426121950
040 ## - FUENTE DE LA CATALOGACIÓN
Centro catalogador/agencia de origen DO-SdBNP
082 ## - NÚMERO DE LA CLASIFICACIÓN DECIMAL DEWEY
Número de clasificación 923.173
Número de documento/Ítem W317A
049 ## - FONDOS LOCALES (OCLC)
Fondos de biblioteca BNPD
100 1# - ENTRADA PRINCIPAL--NOMBRE DE PERSONA
Nombre de persona Alden, Jhon R.,
Fechas asociadas al nombre 1908-
9 (RLIN) 11229
245 10 - MENCIÓN DE TÍTULO
Título George Washington /
Mención de responsabilidad, etc. John R. Alden ; traducción Matilde Taboada.
260 ## - PUBLICACIÓN, DISTRIBUCIÓN, ETC.
Lugar de publicación, distribución, etc. Barcelona :
Nombre del editor, distribuidor, etc. Juventud,
Fecha de publicación, distribución, etc. 1986.
300 ## - DESCRIPCIÓN FÍSICA
Extensión 314 p. :
Otras características físicas retrs. ;
Dimensiones 23 cm.
440 #0 - MENCIÓN DE SERIE/PUNTO DE ACCESO ADICIONAL--TÍTULO
Título Grandes biografías
9 (RLIN) 11230
500 ## - NOTA GENERAL
Nota general La edición original de esta obra ha sido publicada por Louisiana State University Press, Baton Rouge, con el título de George Washington: A Biography.
500 ## - NOTA GENERAL
Nota general Incluye índice.
600 10 - PUNTO DE ACCESO ADICIONAL DE MATERIA--NOMBRE DE PERSONA
Nombre de persona WASHINGTON, GEORGE.
Fechas asociadas al nombre 1732-1799
9 (RLIN) 11231
650 #4 - PUNTO DE ACCESO ADICIONAL DE MATERIA--TÉRMINO DE MATERIA
Término de materia o nombre geográfico como elemento de entrada Presidentes
Subdivisión geográfica Estados Unidos
Subdivisión general Biografía
9 (RLIN) 3714
700 1# - PUNTO DE ACCESO ADICIONAL--NOMBRE DE PERSONA
Nombre de persona Taboada, Matilde
Término indicativo de función/relación tr.
9 (RLIN) 11232
Holdings
Estado de retiro Estado de pérdida Restricciones de uso No para préstamo Código de colección Localización permanente Ubicación/localización actual Ubicación en estantería Fecha de adquisición Número de inventario Total de préstamos Signatura topográfica completa Código de barras Fecha visto por última vez Precio válido a partir de Tipo de ítem Koha
        Patrimonio Dominicano General General En catalogación 13.07.2009 LF1   923.173 W317A 3663-10 25.06.2020 25.06.2020 Libro y Folleto Colección Patrimonio Dominicano

Powered by Koha